| 000 | 00540nam a22001697a 4500 | ||
|---|---|---|---|
| 003 | OSt | ||
| 008 | 260606b |||||||| |||| 00| 0 eng d | ||
| 020 | _a9789353878252 | ||
| 082 |
_a630.2015 _bA51N |
||
| 245 |
_aNanotechnologies for Agriculture Advances & Future Perspective/ _bby Sheikh Amjid...[et a.] |
||
| 260 |
_aDelhi: _bSatish Serial Publishing House, _c2025. |
||
| 300 | _axii, 235 p. | ||
| 650 | _aTechnology (Applied sciences) | ||
| 650 | _aAgriculture and related technologies | ||
| 700 | _aAmjid, Sheikh | ||
| 942 |
_2ddc _cBK |
||
| 999 |
_c51630 _d51630 |
||